00871cam a22002411a 45000010005000000030008000050050017000130080039000300350018000690350020000870400034001070410008001410820016001491000036001652450043002012600062002443000069003065040057003756500033004329420012004659990015004779520137004925146BD-RjUL20211208234022.0131224r19651925nyuabh b 001 0 eng a(BD-RjUL)5182 a(OCoLC)10615811 aDLCcNNBBCdDLCdBD-RjULbeng aeng 2364.36bBUY1 aBurt, Cyril,d1883-1971.91620814aThe young delinquent /cby Cyril Burt. aNew York :bD. Appleton-Century,c c1925[impression 1965] axv, 619 p, [8] leaves of plates :bill., facsims., map ;c21 cm. aIncludes Selected references": p. 604-607 and index. 0aJuvenile delinquency.916209 2ddccBK c5146d5146 00102ddc40718FICaRUCLbRUCLcstackd1968-08-01eZeitlingerg37.60l0o364.36 BUY 1965r2013-12-24 00:00:00tC-1w2013-12-24yBK